God's vision for your church : (Record no. 2120)

MARC details
000 -LEADER
fixed length control field 00860cam a2200277 a 4500
001 - CONTROL NUMBER
control field 92444
003 - CONTROL NUMBER IDENTIFIER
control field GBCCL
005 - DATE AND TIME OF LATEST TRANSACTION
control field 20241126110418.0
008 - FIXED-LENGTH DATA ELEMENTS--GENERAL INFORMATION
fixed length control field 990921s1999 cau b 000 0 eng
010 ## -
-- 99049021
020 ## - INTERNATIONAL STANDARD BOOK NUMBER
International Standard Book Number 0830725156 (trade paper)
035 ## - SYSTEM CONTROL NUMBER
System control number (OCoLC)ocm42475923
040 ## - CATALOGING SOURCE
Original cataloging agency DLC
Transcribing agency DLC
049 ## -
-- LBBK
050 00 -
-- BV601.6.G73
-- C36 1999
082 00 - DEWEY DECIMAL CLASSIFICATION NUMBER
Classification number 262
Edition information 21
Item number CAN
090 ## - LOCALLY ASSIGNED LC-TYPE CALL NUMBER (OCLC); LOCAL CALL NUMBER (RLIN)
Classification number (OCLC) (R) ; Classification number, CALL (RLIN) (NR) BV601.6.G73
Local cutter number (OCLC) ; Book number/undivided call number, CALL (RLIN) C36 1999
100 1# - MAIN ENTRY--PERSONAL NAME
Personal name Cannistraci, David.
9 (RLIN) 4365
245 10 - TITLE STATEMENT
Title God's vision for your church :
Remainder of title finding & fulfilling God's unique purpose for your church /
Statement of responsibility, etc. David Cannistraci ; foreword by John Dawson.
260 ## - PUBLICATION, DISTRIBUTION, ETC.
Place of publication, distribution, etc. Ventura, Calif. :
Name of publisher, distributor, etc. Regal Books,
Date of publication, distribution, etc. c1999.
300 ## - PHYSICAL DESCRIPTION
Extent 277 p. ;
Dimensions 22 cm.
504 ## - BIBLIOGRAPHY, ETC. NOTE
Bibliography, etc. note Includes bibliographical references.
650 #0 - SUBJECT ADDED ENTRY--TOPICAL TERM
Topical term or geographic name entry element Church.
9 (RLIN) 263
650 #0 - SUBJECT ADDED ENTRY--TOPICAL TERM
Topical term or geographic name entry element Grace (Theology)
9 (RLIN) 2990
942 ## - ADDED ENTRY ELEMENTS (KOHA)
Source of classification or shelving scheme Dewey Decimal Classification
Koha item type Books
Koha issues (borrowed), all copies 5
Holdings
Withdrawn status Lost status Source of classification or shelving scheme Damaged status Not for loan Home library Current Library Shelving location Date acquired Total checkouts Full call number Barcode Date last seen Date last checked out Copy number Price effective from Koha item type
    Dewey Decimal Classification     GRACE BIBLE COLLEGE GRACE BIBLE COLLEGE Ministry & Mission 2017-07-06 3 262 CAN 006347 2025-05-01 2023-08-02 c.1 2017-07-06 Books
    Dewey Decimal Classification     GRACE BIBLE COLLEGE GRACE BIBLE COLLEGE Ministry & Mission 2017-07-06 1 262 CAN 006348 2025-08-11 2025-08-01 c.2 2017-07-06 Books
    Dewey Decimal Classification     GRACE BIBLE COLLEGE GRACE BIBLE COLLEGE Ministry & Mission 2017-07-06   262 CAN 006349 2025-05-01   c.3 2017-07-06 Books
    Dewey Decimal Classification     GRACE BIBLE COLLEGE GRACE BIBLE COLLEGE Ministry & Mission 2017-07-06 1 262 CAN 006350 2025-05-01 2019-11-05 c.4 2017-07-06 Books
    Dewey Decimal Classification     GRACE BIBLE COLLEGE GRACE BIBLE COLLEGE Ministry & Mission 2017-07-06 2 262 CAN 006351 2025-05-01 2021-04-13 c.5 2017-07-06 Books
© Grace Bible College Library 2025